000 01064nam a22002417a 4500
005 20250901091759.0
008 240816b ||||| |||| 00| 0 eng d
082 _aDPer 155.205 J826 July-September 2020 v. 119 n. 1-3
100 _aAlves, Hans.
_eauthor.
_958047
245 _aAttitudes from mere co-occurrences are guided by differentiation /
_cHans Alves, Fabia Hogden, Anne Gast, Frederik Aust, and Christian Unkelbach.
260 _aWashington ;
_bAmerican Psychological Association ,
_cSeptember 2020.
300 _aVolume 119, pages 560-581 :
_billustration ;
_c27 cm.
500 _aJournal of Personality and Social Psychology , vol. 119, no. 3, pages 560-581, September 2020.
650 _aAttitude (Psychology).
_960960
650 _aSocial Psychology.
_960961
650 _aIndividuality.
_919964
700 _aAlves, Hans.
_eauthor.
_958047
700 _aHogden, Fabia.
_eauthor.
_958048
700 _aGast, Anne.
_eauthor.
_958049
700 _aAust, Frederik.
_eauthor.
_958050
700 _aUnkelbach, Christian
_eauthor.
_958051
942 _2ddc
_cPER
999 _c20550
_d20550